00908cam a22002774a 450000100040000000500170000402000180002104000230003905000240006208200120008610000240009824500800012226000330020230000390023549000300027450000290030450500080033352001160034152100200045752100180047765000200049565000290051565000330054465000220057770000310059992920240906113632.0 a9780439137614 aDLCcDLCdDLCbeng00aPZ7.O81167bDg 200000aFic2211 aOsborne, Mary Pope.10aDingoes at dinnertime cby Mary Pope Osborne ; illustrated by Sal Murdocca. aNew York :bScholasticc2000 a71 pages :billustrations ;c20 cm aMagic Tree HousevBook 20 a"A stepping stone book." aN  aThe magic tree house whisks Jack and Annie away to Australia where they must save some animals from a wildfire. a570 bLexile  aN bLexile  1aMagicvFiction. 1aSpace and timevFiction. 1aZoologyzAustraliavFiction. 1aAnimalsvFiction.1 aMurdocca, Saleillustrator